Peter Doig (Record no. 16779)

MARC details
000 - LÍDER
campo de control de longitud fija 01044nam a2200229Ia 4500
008 - ELEMENTOS DE DATOS DE LONGITUD FIJA - INFORMACIÓN GENERAL
campo de control de longitud fija 0000002014 sz aD 0000000000eng00
020 ## - INTERNATIONAL STANDARD BOOK NUMBER
International Standard Book Number 9783906053202
090 ## - NÚMERO DE LLAMADA DE TIPO LC LOCALMENTE ASIGNADO (OCLC)
Número de clasificación (OCLC) (R) PSC00 F65p
110 1# - ENTRADA PRINCIPAL - NOMBRE CORPORATIVO
Nombre corporativo o nombre de jurisdicción como elemento de entrada Fondation Beyeler. Basilea. Suiza
245 10 - TÍTULO DECLARACIÓN
Título Peter Doig
Declaración de responsabilidad / Fondation Beyeler ; curator Ulf Kuster ; text by Richard Shiff and Ulf Kuster
260 ## - PUBLICACIÓN, DISTRIBUCIÓN
Lugar de publicación Suiza : Hatje Cantz Verlag
Fecha de publicación 2014
300 ## - DESCRIPCIÓN FÍSICA
Alcance ca [160] p.
Dimensiones / 28 cm.
500 ## - NOTA GENERAL
Nota general Exposición realizada en Fondation Beyeler de Basilea, Suiza entre el 23 de noviembre de 2014 y el 22 de marzo de 2015, y en el Louisiana Museum of Modern Art de Humlebaek entre el 17 de abril y el 17 de agosto de 2015 \ Incluye datos biográficos y cronología artística \ Texto en inlgés
600 00 - ENTRADA DE SUJETO AÑADIDO - NOMBRE PERSONAL
Nombre de la persona DOIG, PETER, 1959/
Subdivisión general TRABAJOS PICTORICOS
650 14 - ENTRADA DE SUJETO AÑADIDO - TÉRMINO TÓPICO
Término tópico o elemento de entrada del nombre geográfico PINTURA ESCOCESA
650 14 - ENTRADA DE SUJETO AÑADIDO - TÉRMINO TÓPICO
Término tópico o elemento de entrada del nombre geográfico ARTE CONTEMPORANEO ESCOCES
650 14 - ENTRADA DE SUJETO AÑADIDO - TÉRMINO TÓPICO
Subdivisión general CATALOGOS
650 14 - ENTRADA DE SUJETO AÑADIDO - TÉRMINO TÓPICO
Subdivisión general EXPOSICIONES
650 14 - ENTRADA DE SUJETO AÑADIDO - TÉRMINO TÓPICO
Término tópico o elemento de entrada del nombre geográfico PINTORES ESCOCESES
650 14 - ENTRADA DE SUJETO AÑADIDO - TÉRMINO TÓPICO
Término tópico o elemento de entrada del nombre geográfico PINTURA FIGURATIVA
700 1# - ENTRADA AGREGADA - NOMBRE PERSONAL
Nombre de la persona Shiff, Richard \ Kuster, Ulf
Holdings
Estado de retirada Pérdida de estatus Estado dañado No para préstamo Código de recogida Ubicación permanente Ubicación actual Ubicación de las estanterías Fecha de adquisición Número de llamada completo Código de barras Fecha de la última vez que se vio Número de copia Precio efectivo desde Tipo de artículo Koha
        General ArtNexus ArtNexus General 06/09/2022 P-SC-00 F65P 16835 06/09/2022 Ej.1 06/09/2022 Libro

Powered by Koha